History- AD or BC #2 - Statistics

General Stats
  • This quiz has been taken 16 times
  • The average score is 18 of 20
Answer Stats
Question Answer % Correct
The first crusaders sail to Jerusalem to reclaim the Holy Land AD
100%
The nomadic Huns terrorize eastern Europe AD
100%
Cleopatra becomes pharaoh of Ptolemaic Egypt BC
100%
Pharaoh Khufu commissions the building of the Great Pyramid BC
100%
Emperor Constantine becomes the first Roman ruler to convert to Christianity AD
93%
Spanish forces capture king Atahualpa to conquer the Incan empire AD
93%
George Washingtons' Continental Army surrounds the British forces under Cornwallis at Yorktown AD
93%
Marco Polo sets out from Venice on a journey to Asia AD
93%
Frankish king Charlemagne defeats the Lombards to control northern Italy AD
93%
The Dutch establish Batavia in the Dutch West Indies, now the site of Jakarta AD
93%
Gold is discovered in California, causing a massive influx of settlers AD
93%
The Peloponnesian war wages the city states of Athens vs Sparta BC
93%
Stonehenge is constructed by Neolithic people from Britain BC
93%
Brothers Remus and Romulus establish the city of Rome BC
93%
Greece is the site of the first recorded Olympic games BC
93%
Genghis Khan conquers China under Mongol rule AD
86%
Homer writes the epic Odyssey and Iliad in his native Greek BC
86%
Yu the Great founded Chinas first dynasty, the Xia BC
79%
Siddhartha Gautama, aka Buddha, is born in Nepal BC
79%
Chichen Itza is built by the Mayan people of Mexico AD
64%
No matching quizzes found
Score Distribution
Percent of People with Each Score
Percentile by Number Answered
Your Score History
You have not taken this quiz